header

Work changes (and) gender (Record no. 102483)

MARC details
000 -LEADER
fixed length control field 01222nam a2200301Ia 4500
082 04 - DEWEY DECIMAL CLASSIFICATION NUMBER
Classification number 306.3/615
245 00 - TITLE STATEMENT
Title Work changes (and) gender
260 ## - PUBLICATION, DISTRIBUTION, ETC. (IMPRINT)
Place of publication Bradford, England :
Name of publisher Emerald Group Publishing,
Year of publication c2005.
300 ## - PHYSICAL DESCRIPTION
Number of Pages 107 p.
490 0# - SERIES STATEMENT
Series statement International journal of manpower: an interdisciplinary journal on human resources, management and labour economics ;
650 #0 - SUBJECT ADDED ENTRY--TOPICAL TERM
Topical Term Personnel management.
Topical Term Sexual division of labor.
700 1# - ADDED ENTRY--PERSONAL NAME
Personal name Ramos, Xavier.
856 40 - ELECTRONIC LOCATION AND ACCESS
Uniform Resource Identifier http://site.ebrary.com/lib/rucke/Doc?id=10103399

No items available.

© 2026 Rongo University
Contact us: librarian | system librarian | Rongo university